Soudní znalectví nábytku - smrtelné úrazy dětí

Bibliographic Details
Main Author: Brunecký, Petr, 1953- (Author)
Format: Article
Language:Slovak
Czech
PhysicalDescription:Fotogr., obr.
ISSN:1335-7018
Subjects:

MARC

LEADER 00000nab a2200000 a 4500
001 vtls009522747
003 SK-MaSNL
005 20260304163907.0
008 250507 2009 xo || |||| ||slo
015 |a SNBRB2009/06  |2 snkbucl 
035 |a (uuid)55e5382c-0c20-4216-a93e-3277e5371301 
035 |a urn:nbn:sk:snk-ab9ewt 
035 |a (urnnbn)urn:nbn:sk:snk:ar-a08bxg 
038 |a SNKBUCL 
040 |a SNKBUCL  |b slo  |c SNKBUCL  |e AACR2 
041 0 |a cze 
044 |a xo  |c SK 
080 |a 347.948  |x (437.3)  |2 2001 
080 |a 684.4  |x (437.3)  |2 2001 
080 |a 614.8.069  |x (437.3)  |2 2001 
080 |a 346.548  |x (437.3)  |2 2001 
100 1 |a Brunecký, Petr,  |d 1953-  |4 aut  |9 9006 
245 1 0 |a Soudní znalectví nábytku - smrtelné úrazy dětí  |c Petr Brunecký 
300 |b Fotogr., obr. 
504 |a Bibliogr. odkazy 
650 0 7 |a nábytok  |2 snkbucl  |9 3744 
650 0 7 |a smrteľné úrazy  |2 snkbucl  |9 50833 
650 0 7 |a všeobecná bezpečnosť výrobkov  |2 snkbucl  |9 1525 
650 0 7 |a deti  |2 snkbucl  |9 773 
650 0 7 |a súdne znalectvo  |2 snkbucl  |9 69684 
651 7 |a Česko  |2 snkbucl  |9 16753 
773 0 |t Stolársky magazín  |g Roč. 10, č. 5 (2009), s. 68-69  |x 1335-7018 
850 |a Slovenská národná knižnica 
852 |a Slovenská národná knižnica 
958 |a article13 
958 |a OND 
958 |a CZ 
958 |a NB 
958 |a EUIPO 
999 |c 2979034  |d 2980964